Clinical pediatric urology

Tallennettuna:
Bibliografiset tiedot
Päätekijä: Panayotis P Kelalis
Aineistotyyppi: Kirja
Kieli:Undetermined
Julkaistu: Philadelphia W. B. Saunders 1992
Aiheet:
Tagit: Lisää tagi
Ei tageja, Lisää ensimmäinen tagi!
Thư viện lưu trữ: Trung tâm Học liệu Trường Đại học Cần Thơ
LEADER 00546nam a2200193Ia 4500
001 CTU_14873
008 210402s9999 xx 000 0 und d
020 |b 279.48df 
082 |a 618.926 
082 |b K29/T2 
100 |a Panayotis P Kelalis 
245 0 |a Clinical pediatric urology 
245 0 |c Panayotis P Kelalis, A Barry Belman, Lowell R King 
260 |a Philadelphia 
260 |b W. B. Saunders 
260 |c 1992 
650 |a pediatric urology 
904 |i Minh, 970107 
980 |a Trung tâm Học liệu Trường Đại học Cần Thơ